000 00685nam a2200205Ia 4500
005 20260121110344.0
008 008 260114s9999 xx 000 0 hin d
020 _a9788132361596
037 _aEBOOK
040 _aCRL
_bhin
_cCRL
041 _ahin
_2hin
084 _qCRL
100 _aज्योति पुष्कर / Satyendra Bhardwaj
_9945152
245 0 _aतप एवं योग के मार्मिक पक्ष / Tap aur yog ke maarmik paksh
260 _bभाषा प्रकाशन / Bhasha Prakashan
_c2021
856 _uhttps://bhashaprakashan.com/product-details/379110
942 _cEBOOK
999 _c1536816
_d1536816